000 00462nab a2200145Ia 4500
003 ES-SlBCS
005 20210601125300.0
008 140529s1996 xxu||||| |||| 00| 0 eng d
041 _aeng
100 1 _aWeitzman, Leora
_9138439
245 0 0 _aWhat Makes a Causal Theory of Content Anti-skeptical?
_c Leora Weitzman
650 0 4 _aTeoría Causal
_9156295
773 0 _tPhilosophy and Phenomenological Research
_gvol. 56, 1996, págs. 299-318
_wRev1411
942 _cAR
999 _c527789
_d527789